Search the Library Catalogue
| 000 -LEADER | |
|---|---|
| fixed length control field | 00552nam a2200193Ia 4500 |
| 008 - FIXED-LENGTH DATA ELEMENTS--GENERAL INFORMATION | |
| fixed length control field | 191130s2010##################000#0#eng## |
| 020 ## - INTERNATIONAL STANDARD BOOK NUMBER | |
| ISBN | 9788120335141 |
| 082 ## - DEWEY DECIMAL CLASSIFICATION NUMBER | |
| Classification number | 621.382 MUT |
| 100 ## - MAIN ENTRY--AUTHOR NAME | |
| Personal name | Nathan, P. Muthu Chidambara |
| 245 ## - TITLE STATEMENT | |
| Title | Wireless communications |
| Statement of responsibility, etc | P. Muthu Chidambara Nathan |
| 260 ## - PUBLICATION, DISTRIBUTION, ETC. (IMPRINT) | |
| Place of publication | New Delhi |
| Name of publisher | PHI Learning |
| Year of publication | 2010 |
| 300 ## - PHYSICAL DESCRIPTION | |
| Number of Pages | xi, 219 p. ; 24 cm |
| 500 ## - GENERAL NOTE | |
| General note | Includes index |
| 650 ## - SUBJECT ADDED ENTRY--TOPICAL TERM | |
| Topical Term | Wireless Communications |
| 991 ## - | |
| -- | 168656 |
| Withdrawn status | Lost status | Damaged status | Not for loan | Home library | Current library | Shelving location | Date acquired | Full call number | Accession Number | Price effective from | Koha item type |
|---|---|---|---|---|---|---|---|---|---|---|---|
| Anna Centenary Library | Anna Centenary Library | 6TH FLOOR, A WING | 15.10.2020 | 621.382 MUT | 326552 | 15.10.2020 | English Books |